000 00680nam a22002297a 4500
005 20170124110002.0
010 _aA-382024
020 _c00.00
_a8170231558
035 _aA-382024
037 _bCen Lib/Ret
040 _aDPL
_bEN
082 _a364
_bRAO
100 _aRao, S. Venugopal
_915945
245 _aVictims of crime /
_cby S. Venugopal Rao
260 _aNew Delhi
_bAllied Publishers
_c1989
270 _bNew Delhi
_a13/14, asaf ali road,
_e110002
300 _a244p.
_c20cm(Hb)
500 _aIncludes bibliographical references and index
650 _aCriminal justice
_915946
650 _aLegal aspects
_915947
942 _2ddc
_cEN
_h364
_mRAO
999 _c125909
_d125909